02996 a2200181 45000010006000000050017000060080041000230030015000640400040000790800124001192450038002430200018002812640036002993000030003355052322003651000028026878560099027154702520260407155739.0260407a1986 arg spa dAR-UNSa-BCEJYS aAR-UNSa-BCEJYSbspacAR-UNSa-BCEJYS a330.101xCiencia económica en general. La economía y sus problemas. Objeto y métodos de la economía política 10aLecturas de economía Política a84-7209-198-8 1aMadrid :bUnion Editorialc1986 a2v. (306; 303) p.c23 cm. aVol. I: 1. Método y crisis en la ciencia económica / Jesús Huerta de Soto - 2. Una primera lección de Economía / J. Siegfried - 3. El papel del conocimiento / Thomas Sowell - 4. El empresario / Israel M. Kirzner - 5. La ley básica de determinación del precio / Eugen von Boehm-Bawerk - 6. Competencia y monopolio / Israel M. Kirzner - 7. Tom Smith y la increíble máquina de hacer pan / R. W. Grant - 8. Lo ilusorio del precio del monopolio / Murray N. Rothbard - 9. Teoría del dinero / Carl Menger - 10. La confusión sobre la Ley de Gresham / Friedrich A. Hayek - 11. La teoría austriaca del ciclo económico / Jesús Huerta de Soto - 12. La inflación, el erróneo empleo del factor trabajo y el paro / Friedrich A. Hayek - 13. El paro es la inexorable consecuencia de la inflación / Friedrich A. Hayek - 14. Un medio para acabar con la inflación: la libre elección de moneda / Friedrich A. Hayek - 15. Una nota sobre el monetarismo / Friedrich A. Hayek - 16. Atesoramiento y sistema keynesiano / Murray N. Rothbard -- Vol. II: 1. Falacias del sistema keynesiano / Murray N. Rothbard - 2. La fijación general del precio de los factores de producción / Murray N. Rothbard - 3. ¿Es el trabajo una mercancía? / Jesús Huerta de Soto - 4. El paro y los sindicatos en los años ochenta / Friedrich A. Hayek - 5. Leyes del salario mínimo / Henry Hazlitt - 6. Historia y política / Friedrich A. Hayek - 7. Los intelectuales europeos y el capitalismo / Bertrand de Jouvenel - 8. El sistema de la fábrica a principios del siglo XIX / William H. Hutt - 9. Leyes, mandatos y orden social / Friedrich A. Hayek - 10. El orden de mercado o catalaxia / Friedrich A. Hayek - 11. La disciplina de las normas abstractas y los impulsos emocionales de la sociedad tribal / Friedrich A. Hayek - 12. Libertad económica y libertad política / Milton Friedman - 13. Los impuestos desalientan la producción / Henry Hazlitt - 14. Discurso en la Fundación March / Ronald Reagan - 15. La política de rentas en la Alemania nazi y el milagro de Erhard / Samuel Brittan y Peter Lilley - 16. Bienestar para todos / Ludwing Erhard - 17. Nacimiento de la economía de libre mercado / Ludwing Erhard - 18. Libertad financiera / Francisco Cabrillo - 19. El odio a la máquina/ Henry Hazlitt. 1 aHuerta de Soto, Jesús41uhttps://www.biblioeco.unsa.edu.ar/pmb/images/libros/L127375.jpgyImagen de portadaqimage/jpeg